| 000 | 00861nam a2200205Ia 4500 | ||
|---|---|---|---|
| 003 | OSt | ||
| 005 | 20241026131719.0 | ||
| 007 | ca aa aaaaa | ||
| 008 | 201103s9999 xx 000 0 und d | ||
| 040 | _cSSBUL | ||
| 041 | _abur | ||
| 082 |
_223 _a၂၉၄.၃၄၃၅၀၉ သာ _b၉၂၀၉ S-SAT |
||
| 100 | 0 |
_aသာထွန်း၊ ဦး။ _917377 |
|
| 245 | 1 | 0 |
_aမြောက်ဦးမြို့ဘုရားသမိုင်း / _cဦးသာထွန်း။ |
| 260 |
_a[နေရာမပါ] ၊ _b[ထုတ်ဝေသူမပါ]၊ _c[ခုနှစ်မပါ]။ |
||
| 300 |
_a၁၂၈ စာမျက်နှာ ၊ _c၁၈ စင်တီ။ |
||
| 500 | _aS-SAT: Dr Sai Aung Tun collection | ||
| 650 |
_aဘုရားသမိုင်း _zမြောက်ဦးမြို့။ _955072 |
||
| 942 |
_2ddc _cBK1 |
||
| 999 |
_c16780 _d16780 |
||